• 首页
  • 本馆介绍
  • 公告通知
  • 最新文献
  • 馆藏检索
  • 电子资源
  • 读者导购
  • 参考咨询
  • 我的图书馆
  • 登录
  • 详细信息显示
  • 放入我的书架
  • 预约/预借图书
  • 作者相关作品
  • 分类相关作品
  • 丛书相关作品
  • 出版社相关作品

书目信息

  • 表格格式
  • 工作单格式
  • 卡片格式
题名:
空心阴(阳)极光源在我国的应用
    
 
作者: 周开亿 主编
分册:  
出版信息: 北京   冶金工业部钢铁研究总院《空心阴极》学术委员会  1983
页数: 369页
开本: 19cm
丛书名:
单 册:
中图分类: O462.1
科图分类:
主题词: 空心阴极:空心光源--应用 , 空心光源:空心阴极--应用
电子资源:
ISBN:
000 00732nam0 2200241 45
001 0183011945
005 20060805104606.00
010    @dCNY2.50
100    @a19950510d1983 emky0chiy0121 ea
101 0  @achi
102    @aCN@b110000
105    @ay z 000yy
200 10 @a空心阴(阳)极光源在我国的应用@Akong xin yin( yang) ji guang yuan zai wo guo de ying yong@f周开亿主编
210    @a北京@c冶金工业部钢铁研究总院《空心阴极》学术委员会@d1983
215    @a369页@d19cm
300    @a学习班专用讲义
606    @a空心阴极:空心光源@x应用
606    @a空心光源:空心阴极@x应用
690    @aO462.1@v3
701  0 @a周开亿@Azhou kai yi@4主编
801  0 @aCN@bTSSF@c20060805
801  2 @aCN@bNLC@c20060718
905    @a10447@dO462.1@e11
    
    空心阴(阳)极光源在我国的应用/周开亿主编.-北京:冶金工业部钢铁研究总院《空心阴极》学术委员会,1983
    369页;19cm
    学习班专用讲义
    
    ISBN :CNY2.50
    
●
相关链接 在E读中查询图书 在五车中查询图书 在当当中查询图书 在豆瓣中查询图书


正题名:空心阴(阳)极光源在我国的应用     索取号:O462.1/11         预约/预借

序号 登录号 条形码 馆藏地/架位号 状态 备注
1 0432273   204322731   密集书库/ [索取号:O462.1/11] 在馆    
2 0451543   204515435   密集书库/ [索取号:O462.1/11] 在馆    
唐山师范学院图书馆 欢迎您!
大连网信软件有限公司© 版权所有